| 000 | 00000nam##2200000za#4500 |
| 001 | 9.599999 |
| 003 | CaOODSP |
| 005 | 20210624205344 |
| 007 | cr ||||||||||| |
| 008 | 150406|1998||||xxc|||||o f|0| 0 fre|d |
| 040 | |aCaOODSP|bfre |
| 043 | |an-cn--- |
| 086 | 1 |aBT31-4/11-1998F-PDF |
| 110 | 1 |aCanada. |bConseil du trésor. |
| 245 | 10|aGendarmerie royale du Canada, rapport sur le rendement pour la période se terminant le 31 mars 1998 |h[ressource électronique] |
| 246 | 3 |aRapport sur le rendement de la Gendarmerie royale du Canada de 1997-1998 |
| 260 | |aOttawa - Ontario : |bSecrétariat du Conseil du Trésor du Canada |c[1998]. |
| 300 | |a107p.|bfigures, graphiques, carte, organigramme, tableaux, photographies |
| 490 | 1 |aRapport sur le rendement pour la période se terminant le 31 mars 1998 |vPour la période se terminant le 31 mars 1998 |
| 590 | |a11-06-Supp|b2011-04-14 |
| 775 | 08|tRoyal Canadian Mounted Police, performance report for the period ending March 31, 1998 |w(CaOODSP)9.568731 |
| 776 | 0#|tGendarmerie royale du Canada|w(CaOODSP)9.531021 |
| 776 | 0#|tRoyal Canadian Mounted Police|w(CaOODSP)9.531020 |
| 830 | #0|aRapport sur le rendement pour la période se terminant le 31 mars 1998 ;|vPour la période se terminant le 31 mars 1998|w(CaOODSP)9.502654 |
| 856 | 40|ahttp://publications.gc.ca|qPDF|s2 Mo|uhttps://publications.gc.ca/collections/Collection/BT31-4-11-1998F.pdf|yPour la période se terminant le 31 mars 1998 |